Recouping their losses (Record no. 65561)

MARC details
000 -LEADER
fixed length control field 01128cam a2200217 4500
001 - CONTROL NUMBER
control field ABS63268
008 - FIXED-LENGTH DATA ELEMENTS--GENERAL INFORMATION
fixed length control field 000000n2000 000 0 eng u
035 ## - SYSTEM CONTROL NUMBER
System control number (Sirsi) u109896
100 ## - MAIN ENTRY--PERSONAL NAME
Personal name Rashleigh, W
245 ## - TITLE STATEMENT
Title Recouping their losses
260 ## - PUBLICATION, DISTRIBUTION, ETC.
Date of publication, distribution, etc. 2000
490 ## - SERIES STATEMENT
Series statement Building Design
Volume/sequential designation (1466) 24 November 2000, 12(1)
520 ## - SUMMARY, ETC.
Summary, etc. Describes how the deficit of badly designed buildings is gradually being replenished as businesses realise the value of their intangible assets. Research by Jon Rouse, chief executive of Cabe, shows that the emphasis is shifting away from speculative development and the expectation of rapid financial returns and moving towards an appreciation that good architecture could add value of a different kind to a company, such as it brand identity and corporate identity, as well as fostering an atmosphere where workers are more likely to feel inspired and thrive.
590 ## - LOCAL NOTE (RLIN)
Local note ABS
650 ## - SUBJECT ADDED ENTRY--TOPICAL TERM
Topical term or geographic name entry element ARCHITECTURAL VALUE
650 ## - SUBJECT ADDED ENTRY--TOPICAL TERM
Topical term or geographic name entry element CORPORATE IDENTITY
650 ## - SUBJECT ADDED ENTRY--TOPICAL TERM
Topical term or geographic name entry element BUILDING DESIGN VALUE
650 ## - SUBJECT ADDED ENTRY--TOPICAL TERM
Topical term or geographic name entry element CORPORATE PROPERTY
690 ## - LOCAL SUBJECT ADDED ENTRY--TOPICAL TERM (OCLC, RLIN)
Topical term or geographic name as entry element BUILT ENVIRONMENT-CONSTRUCTION DESIGN
942 ## - ADDED ENTRY ELEMENTS (KOHA)
Suppress in OPAC 0
Holdings
Withdrawn status Lost status Source of classification or shelving scheme Damaged status Not for loan Home library Current library Shelving location Date acquired Total Checkouts Full call number Barcode Date last seen Copy number Price effective from Koha item type
    Dewey Decimal Classification     London London Journal article 12/12/2000   ABS63268 109896-1001 06/08/2019 1 06/08/2019 Journal article